000
00291nam a2200157Ia 4500
100
_a
GMAT
250
_a
8
942
_c
BK
654
_a
Barrons
245
_a
Barrons I Choice
260
_b
Galgotia
_c
1990
082
_a
658
_b
JAF
300
_a
535
546
_a
ENGLISH
999
_c
23498
_d
23498